| Поле | Название | Значение |
| |
Тип записи |
a |
| |
Библиографический уровень |
m |
| 001 |
Контрольный номер |
defb24169f55474f953f5bf3c20ff31f |
| 005 |
Дата корректировки |
20140620090120.0 |
| 010 |
Индекс ISBN |
__ |
| a |
ISBN |
5-98612-007-8 |
| 101 |
Язык документа |
0_ |
| a |
Язык текста |
rus |
| 102 |
Страна публикации |
__ |
| a |
Страна публикации |
RU |
| 200 |
Заглавие и сведения об ответственности |
1_ |
| a |
Заглавие |
Сыны Отечества. Сценарии военно- патриотической тематики |
| f |
Первые сведения об ответственности |
сост. Л. Чукаева |
| 210 |
Выходные данные |
1_ |
| c |
Издательство |
ИМХО |
| a |
Место издания |
М. |
| d |
Дата издания |
2004 |
| 215 |
Физическое описание |
__ |
| a |
Объем |
60 с. |
| 300 |
Общие примечания |
__ |
| a |
Общие примечания |
1 экз. |
| 606 |
Тематические рубрики |
__ |
| a |
Основная рубрика |
Искусство |
| 610 |
Ключевые слова |
0_ |
| a |
Ключевые слова |
праздники |
| 610 |
Ключевые слова |
0_ |
| a |
Ключевые слова |
сценарии |
| 610 |
Ключевые слова |
0_ |
| a |
Ключевые слова |
великая отечественная война |
| 610 |
Ключевые слова |
0_ |
| a |
Ключевые слова |
вов |
| 686 |
Индексы других классификаций |
__ |
| a |
Классификационный индекс |
85.34 |
| 2 |
Код системы |
rubbk |
| 702 |
Вторичная интеллектуальная ответственность |
_1 |
| a |
Фамилия |
Чукаева |
| b |
Имя |
Л. |
| 4 |
Код отношения |
220 |
| 801 |
Источник записи |
_0 |
| a |
Страна |
RU |
| b |
Организация |
РУК |
| c |
Дата составления |
20051129 |
| g |
Правила каталогизации |
PSBO |
| 801 |
Источник записи |
_1 |
| a |
Страна |
RU |
| b |
Организация |
РУК |
| c |
Дата составления |
20051129 |
| g |
Правила каталогизации |
PSBO |
| 852 |
Данные о местонахождении |
__ |
| i |
Авторский знак |
С 95 |
| j |
Шифр хранения |
ББК 85 |
| 901 |
Тип документа |
__ |
| t |
Тип документа |
m |
| 938 |
Служебная информация |
__ |
| a |
Название организации |
Головной вуз |
| b |
Имя БД |
BOOK |
| c |
Название АИБС |
АИБС ИРБИС |